Ing. Vladimír Hupka ...

Bibliographic Details
Format: Article
Language:Slovak
ISSN:0016-7096
Subjects:

MARC

LEADER 00000nab a2200000 a 4500
001 vtls000752079
003 SK-MaSNL
005 20260304121517.0
008 250429c xo 0 slo
015 |a SNBRB2001/03-09055 
035 |a CLN000103869 
035 |a (urnnbn)urn:nbn:sk:snk:ar-007138 
035 |a (uuid)6923d7c9-0942-4d4f-b925-ec11179919ec 
035 |a urn:nbn:sk:snk-ab89v1 
040 |a SNKBUCL  |b slo  |c SNKBUCL  |e AACR2 
041 0 |a slo 
044 |a xo  |c SK 
080 |a 528-051  |2 1997 
080 |a 929 Hupka, Vladimír  |2 1997 
245 0 0 |a Ing. Vladimír Hupka ... 
600 1 7 |a Hupka, Vladimír,  |d 1935-  |2 snkbucl  |9 154449 
655 7 |a články z novín a časopisov  |2 snkbucl  |9 267496 
773 0 |t Geodetický a kartografický obzor  |g Roč. 47 (89), č. 1 (2001), s. 24  |x 0016-7096 
850 |a Slovenská národná knižnica 
852 |a Slovenská národná knižnica 
954 |a odborná, vedecká literatúra pôvodná (slovenská)  |2 lita 
958 |a article9 
958 |a OND 
958 |a SK 
958 |a BX 
958 |a EUIPO 
992 |a RBX 
999 |c 2885437  |d 2887367